Female Offenders in the Juvenile Justice System
| Authors: | ; |
|---|---|
| Format: | Electronic Article |
| Language: | English |
| Published: |
Office of Juvenile Justice and Delinquency Prevention
1996
|
| In: | Enthalten in: Statistics Summary |
| Online Access: |
Volltext (lizenzpflichtig) Volltext (lizenzpflichtig) Volltext (lizenzpflichtig) |
| Check availability: | HBZ Gateway |
MARC
| LEADER | 00000caa a22000002c 4500 | ||
|---|---|---|---|
| 001 | 1912558564 | ||
| 003 | DE-627 | ||
| 005 | 20250126055007.0 | ||
| 007 | cr uuu---uuuuu | ||
| 008 | 241217s1996 xx |||||o 00| ||eng c | ||
| 035 | |a (DE-627)1912558564 | ||
| 035 | |a (DE-599)KXP1912558564 | ||
| 040 | |a DE-627 |b ger |c DE-627 |e rda | ||
| 041 | |a eng | ||
| 084 | |a 2,1 |2 ssgn | ||
| 100 | 1 | |a Poe-Yamagata, Eileen |e VerfasserIn |4 aut | |
| 109 | |a Poe-Yamagata, Eileen |a Yamagata, Eileen Poe- | ||
| 245 | 1 | 0 | |a Female Offenders in the Juvenile Justice System |
| 264 | 1 | |b Office of Juvenile Justice and Delinquency Prevention |c 1996 | |
| 336 | |a Text |b txt |2 rdacontent | ||
| 337 | |a Computermedien |b c |2 rdamedia | ||
| 338 | |a Online-Ressource |b cr |2 rdacarrier | ||
| 700 | 1 | |a Butts, Jeffrey A. |e VerfasserIn |0 (DE-588)1055014683 |0 (DE-627)792502701 |0 (DE-576)166843407 |4 aut | |
| 773 | 0 | 8 | |i Enthalten in |t Statistics Summary |
| 787 | 0 | 8 | |i Forschungsdaten |a United States Department of Justice. Office of Justice Programs. Office of Juvenile Justice and Delinquency Prevention |t Census of Public and Private Juvenile Detention, Correctional, and Shelter Facilities, 1992-1993: (United States) |d [Erscheinungsort nicht ermittelbar] : [Verlag nicht ermittelbar], 1996 |w (DE-627)1840056878 |
| 787 | 0 | 8 | |i Forschungsdaten |a United States Department of Justice. Office of Justice Programs. Office of Juvenile Justice and Delinquency Prevention |t Census of Public and Private Juvenile Detention, Correctional, and Shelter Facilities, 1988-1989: (United States) |d [Erscheinungsort nicht ermittelbar] : [Verlag nicht ermittelbar], 1987 |w (DE-627)1840056843 |
| 787 | 0 | 8 | |i Forschungsdaten |a United States Department of Justice. Office of Justice Programs. Office of Juvenile Justice and Delinquency Prevention |t Census of Public and Private Juvenile Detention, Correctional, and Shelter Facilities, 1986-1987: (United States) |d [Erscheinungsort nicht ermittelbar] : [Verlag nicht ermittelbar], 1989 |w (DE-627)1840053224 |
| 787 | 0 | 8 | |i Forschungsdaten |a National Center for Juvenile Justice |t Juvenile Court Statistics, 1993: (United States) |d [Erscheinungsort nicht ermittelbar] : [Verlag nicht ermittelbar], 1996 |w (DE-627)1840064455 |
| 787 | 0 | 8 | |i Forschungsdaten |a National Center for Juvenile Justice |t Juvenile Court Statistics, 1991: (United States) |d [Erscheinungsort nicht ermittelbar] : [Verlag nicht ermittelbar], 1995 |w (DE-627)1840064382 |
| 787 | 0 | 8 | |i Forschungsdaten |a National Center for Juvenile Justice |t Juvenile Court Statistics, 1990: (United States) |d [Erscheinungsort nicht ermittelbar] : [Verlag nicht ermittelbar], 1995 |w (DE-627)1840064331 |
| 787 | 0 | 8 | |i Forschungsdaten |a National Center for Juvenile Justice |t Juvenile Court Statistics, 1989: (United States) |d [Erscheinungsort nicht ermittelbar] : [Verlag nicht ermittelbar], 1994 |w (DE-627)1840064102 |
| 787 | 0 | 8 | |i Forschungsdaten |a National Center for Juvenile Justice |t Juvenile Court Statistics, 1988: (United States) |d [Erscheinungsort nicht ermittelbar] : [Verlag nicht ermittelbar], 1994 |w (DE-627)1840064587 |
| 787 | 0 | 8 | |i Forschungsdaten |a National Center for Juvenile Justice |t Juvenile Court Statistics, 1987: (United States) |d [Erscheinungsort nicht ermittelbar] : [Verlag nicht ermittelbar], 1994 |w (DE-627)1840064358 |
| 787 | 0 | 8 | |i Forschungsdaten |a National Center for Juvenile Justice |t Juvenile Court Statistics, 1986: Reported Cases in Calendar Year Data Base |d [Erscheinungsort nicht ermittelbar] : [Verlag nicht ermittelbar], 1992 |w (DE-627)1840068191 |
| 787 | 0 | 8 | |i Forschungsdaten |a National Center for Juvenile Justice |t Juvenile Court Statistics, 1985: (United States) |d [Erscheinungsort nicht ermittelbar] : [Verlag nicht ermittelbar], 1990 |w (DE-627)1840068248 |
| 787 | 0 | 8 | |i Forschungsdaten |a National Center for Juvenile Justice |t Juvenile Court Statistics, 1984: (United States) |d [Erscheinungsort nicht ermittelbar] : [Verlag nicht ermittelbar], 1988 |w (DE-627)1840068698 |
| 787 | 0 | 8 | |i Forschungsdaten |a United States Department of Justice. Office of Justice Programs. Office of Juvenile Justice and Delinquency Prevention |t Juvenile Court Statistics, 1983 (United States) |d [Erscheinungsort nicht ermittelbar] : [Verlag nicht ermittelbar], 1987 |w (DE-627)1840068531 |
| 787 | 0 | 8 | |i Forschungsdaten |a United States. Federal Bureau of Investigation |t Uniform Crime Reporting Program Data: Arrests by Age, Sex, and Race, United States, 1983 |d [Erscheinungsort nicht ermittelbar] : [Verlag nicht ermittelbar], 2009 |w (DE-627)1840046376 |
| 787 | 0 | 8 | |i Forschungsdaten |a United States Department of Justice. Federal Bureau of Investigation |t Uniform Crime Reporting Program Data (United States): Arrests by Age, Sex, and Race, 1986 |d [Erscheinungsort nicht ermittelbar] : [Verlag nicht ermittelbar], 2009 |w (DE-627)1840055111 |
| 787 | 0 | 8 | |i Forschungsdaten |a United States Department of Justice. Federal Bureau of Investigation |t Uniform Crime Reporting Program Data (United States): Arrests by Age, Sex, and Race, 1987 |d [Erscheinungsort nicht ermittelbar] : [Verlag nicht ermittelbar], 2009 |w (DE-627)1840055103 |
| 787 | 0 | 8 | |i Forschungsdaten |a United States Department of Justice. Federal Bureau of Investigation |t Uniform Crime Reporting Program Data (United States): Arrests by Age, Sex, and Race, 1988 |d [Erscheinungsort nicht ermittelbar] : [Verlag nicht ermittelbar], 2009 |w (DE-627)1840055065 |
| 787 | 0 | 8 | |i Forschungsdaten |a United States Department of Justice. Federal Bureau of Investigation |t Uniform Crime Reporting Program Data (United States): Arrests by Age, Sex, and Race, 1989 |d [Erscheinungsort nicht ermittelbar] : [Verlag nicht ermittelbar], 2009 |w (DE-627)1840055057 |
| 787 | 0 | 8 | |i Forschungsdaten |a United States Department of Justice. Federal Bureau of Investigation |t Uniform Crime Reporting Program Data (United States): Arrests by Age, Sex, and Race, 1990 |d [Erscheinungsort nicht ermittelbar] : [Verlag nicht ermittelbar], 2009 |w (DE-627)1840055022 |
| 787 | 0 | 8 | |i Forschungsdaten |a United States Department of Justice. Federal Bureau of Investigation |t Uniform Crime Reporting Program Data (United States): Arrests by Age, Sex, and Race, 1992 |d [Erscheinungsort nicht ermittelbar] : [Verlag nicht ermittelbar], 2009 |w (DE-627)1840055049 |
| 787 | 0 | 8 | |i Forschungsdaten |a United States Department of Justice. Federal Bureau of Investigation |t Uniform Crime Reporting Program Data (United States): Arrests by Age, Sex, and Race, 1993 |d [Erscheinungsort nicht ermittelbar] : [Verlag nicht ermittelbar], 2009 |w (DE-627)1840055030 |
| 856 | 4 | 0 | |u http://www.ncjrs.gov/App/publications/abstract.aspx?ID=160941 |x Verlag |z lizenzpflichtig |3 Volltext |7 1 |
| 856 | 4 | 0 | |u http://www.ncjrs.gov/pdffiles/femof.pdf |q application/pdf |x Verlag |z lizenzpflichtig |3 Volltext |7 1 |
| 856 | 4 | 0 | |u https://www.ncjrs.gov/txtfiles/femof.txt |x Verlag |z lizenzpflichtig |3 Volltext |7 1 |
| 935 | |a mkri | ||
| 951 | |a AR | ||
| ELC | |a 1 | ||
| LOK | |0 000 xxxxxcx a22 zn 4500 | ||
| LOK | |0 001 4637524067 | ||
| LOK | |0 003 DE-627 | ||
| LOK | |0 004 1912558564 | ||
| LOK | |0 005 20241217044501 | ||
| LOK | |0 008 241217||||||||||||||||ger||||||| | ||
| LOK | |0 035 |a (DE-2619)ICPSR63692 | ||
| LOK | |0 040 |a DE-2619 |c DE-627 |d DE-2619 | ||
| LOK | |0 092 |o n | ||
| LOK | |0 852 |a DE-2619 | ||
| LOK | |0 852 1 |9 00 | ||
| LOK | |0 935 |a uvkn |a nacp | ||
| LOK | |0 939 |a 17-12-24 |b l01 | ||
| ORI | |a SA-MARC-krimdoka001.raw | ||
